| 000 | 00860nam a2200265Ia 4500 | ||
|---|---|---|---|
| 999 |
_c54304 _d54304 |
||
| 001 | 21360 | ||
| 003 | GE_BSU | ||
| 005 | 20240123144840.0 | ||
| 008 | 181216s2017||||enk|||||||||||||| ||eng|| | ||
| 020 | _a9780321833891x | ||
| 040 | _cGE_BSU | ||
| 041 | _aeng | ||
| 080 | _a004.41 W-50 | ||
| 100 |
_aWelling, Luke _912780 |
||
| 245 |
_aPHP and MySQL Web Development / _cLuke Welling, Laura Thomson; Editor M. Taber. |
||
| 250 | _aFifth edition | ||
| 264 |
_aHoboken : _bAddison-Wesley, _c2017. |
||
| 300 |
_a652 p. ; _c23 cm. |
||
| 541 | _h120 Gel. | ||
| 653 | _aკომპიუტერული პროგრამის ენა | ||
| 653 | _aვებ საიტის განვითარება | ||
| 700 |
_aThomson, Laura _eავტორი _912781 |
||
| 700 |
_aTaber, M. _eრედაქტორი _912782 |
||
| 942 |
_cBK _2udc |
||